000 00231 a2200097 4500
001 27104
100 _aWestland peter
245 _aPublic speaking for self improvement
260 _a
_bArco publishing
_c1974
090 _c18110
_d18110
942 _aNUST-CAE
_cM
_c9015
999 _c262177
_d262177